000
00246nam a2200097Ia 4500
005
20251222114408.0
008
251222s1900||||xx |||||||||||||| ||spa||
082
_a
DVD0170/H59P/1955
245
0
_a
Para atrapar al ladrĂ³n:To catch a thief
942
_c
DVD
999
_c
1903
_d
1903